MARC

Tag First Indicator Second Indicator Subfields
LEADER 00000cam a2200000 a 4500
001 in00001784313
005 20230626205953.4
008 030815s2003 wau 101 0 eng d
020 |a 0819446769 
035 |a (OCoLC)ocm52855479 
040 |a CUS  |c CUS  |d TXA  |d UtOrBLW 
043 |a a-cc--- 
049 |a TXAM 
090 |a QH540  |b .E365 2003 
245 0 0 |a Ecosystems dynamics, ecosystem-society interactions, and remote sensing applications for semi-arid and arid land :  |b 24-27 October 2002, Hangzhou, China /  |c Xiaoling Pan [and others], chairs/editors ; sponsors, CSO--Chinese Society of Oceanography (China) [and] SPIE--the International Society for Optical Engineering ; cosponsors and supporting organizations, NASA Earth Science Technology Office [and others] ; cooperating organizations, National Remote Sensing Center of China (China) [and others]. 
246 3 |a Ecosystems dynamics, ecosytem society interactions, and remote sensing applications for semi-arid and arid land 
264 1 |a Bellingham, Washington :  |b SPIE,  |c [2003] 
264 4 |c ©2003 
300 |a 2 volumes (xxvii, 1002 pages) :  |b illustrations (some color), maps ;  |c 28 cm. 
336 |a text  |b txt  |2 rdacontent 
337 |a unmediated  |b n  |2 rdamedia 
338 |a volume  |b nc  |2 rdacarrier 
490 1 |a Proceedings / SPIE--the international society for optical engineering ;  |v v. 4890 
504 |a Includes bibliographical references and index. 
650 0 |a Biotic communities  |x Remote sensing  |v Congresses. 
650 0 |a Biotic communities  |x Social aspects  |v Congresses. 
650 0 |a Arid regions  |x Remote sensing  |v Congresses. 
650 0 |a Arid regions  |z China  |x Remote sensing  |v Congresses. 
650 0 |a Desertification  |z China  |v Congresses. 
650 0 |a Climatic changes  |x Remote sensing  |v Congresses. 
650 0 |a Environmental conditions  |x Social aspects  |v Congresses. 
650 0 |a Water resources management  |v Congresses. 
700 1 |a Pan, Xiaoling. 
710 2 |a Zhongguo hai yang xue hui. 
710 2 |a Society of Photo-optical Instrumentation Engineers. 
710 1 |a United States.  |b National Aeronautics and Space Administration.  |b Earth Science Technology Office. 
710 2 |a Guo jia yao gan zhong xin (China) 
830 0 |a Proceedings of SPIE--the International Society for Optical Engineering ;  |v v. 4890. 
856 4 1 |u https://www.spiedigitallibrary.org/conference-proceedings-of-SPIE/4890.toc?SSO=1  |t 0 
948 |a cataloged  |b h  |c 2003/9/16  |d c  |e dmitchel  |f 10:44:24 am 
994 |a E0  |b TXA 
999 |a MARS 
999 f f |s 3c85e404-3f5b-3e9e-a88e-4c80c51052f0  |i 38132622-a14f-3af0-85bd-5f815584ad00  |t 0 
952 f f |p ric  |a Texas A&M University  |b Rellis Campus  |c Joint Library Facility  |d Remote Storage  |t 0  |e QH540 .E365 2003  |h Library of Congress classification  |i unmediated -- volume  |k pt.1  |m A14830554963 
952 f f |p ric  |a Texas A&M University  |b Rellis Campus  |c Joint Library Facility  |d Remote Storage  |t 0  |e QH540 .E365 2003  |h Library of Congress classification  |i unmediated -- volume  |k pt.2  |m A14830555008 
998 f f |a QH540 .E365 2003  |s pt.1-pt.2  |t 0  |l Remote Storage